|
|
|
|
| LEADER |
00919nam a2200229 a 4500 |
| 001 |
90230 |
| 005 |
20060726212914.0 |
| 008 |
090511s1985 xxkaf b 001 0 eng d |
| 010 |
|
|
|a 95947154
|
| 020 |
|
|
|a 0851985459
|
| 040 |
|
|
|a DLC
|c DLC
|d DLC
|
| 100 |
1 |
|
|a Ou, S. H.
|q (Shu Huang),
|d 1912-
|
| 245 |
1 |
0 |
|a Rice diseases /
|c S.H. Ou.
|
| 250 |
|
|
|a 2nd ed.
|
| 260 |
|
|
|a Kew, Surrey, UK :
|b Commonwealth Mycological Institute,
|c 1985.
|
| 300 |
|
|
|a xi, 380 p., [8] leaves of plates :
|b ill. (some col.) ;
|c 25 cm.
|
| 504 |
|
|
|a Includes bibliographical references and index.
|
| 541 |
1 |
|
|e 00003389
|
| 710 |
2 |
|
|a Commonwealth Mycological Institute (Great Britain)
|
| 852 |
4 |
|
|a <add your library>
|j <shelf mark>
|
| 999 |
|
|
|c 594
|d 594
|
| 952 |
|
|
|0 0
|1 0
|2 ddc
|4 0
|6 633_189000000000000_SHU_1985
|7 0
|9 544
|a BRACUL
|b BRACUL
|c GEN
|d 2009-05-12
|g 0.00
|l 0
|o 633.189 SHU
|p 3010003389
|r 2009-05-12
|t 1
|w 2009-05-12
|y BK
|x No price found in the accession register.
|